|
|
|
|
| LEADER |
00000nas a2200000 a 4500 |
| 001 |
ssj0013105 |
| 003 |
WaSeSS |
| 005 |
20200512172242.0 |
| 006 |
m d |
| 007 |
cr n |
| 008 |
020708c19829999enkqr pss 0 0eng c |
| 010 |
|
|
|a 2007233927
|
| 015 |
|
|
|a GBB407241
|2 bnb
|
| 016 |
7 |
|
|a 2079708-4
|2 DE-600
|
| 016 |
7 |
|
|a 012088028
|2 Uk
|
| 022 |
|
|
|a 1475-3049
|l 0261-4448
|y 0261-4448
|
| 035 |
|
|
|a (WaSeSS)ssj0013105
|
| 037 |
|
|
|b Cambridge University Press, The Edinburgh Building, Shaftesbury Road, Cambridge CB2 2RU, United Kingdom
|
| 040 |
|
|
|a EXW
|b eng
|c EXW
|d OCLCQ
|d F#A
|d OCLCQ
|d OCLCS
|d GUA
|d OCLCQ
|d SERSO
|d OCLCQ
|d OCLCF
|d OCLCQ
|d GILDS
|d OCLCO
|d AU@
|d UKMGB
|d CUS
|d WaSeSS
|
| 042 |
|
|
|a pcc
|
| 050 |
1 |
4 |
|a PB35
|
| 082 |
0 |
4 |
|a 407
|
| 222 |
|
0 |
|a Language teaching
|b (Online)
|
| 245 |
0 |
0 |
|a Language teaching
|h [electronic resource].
|
| 260 |
|
|
|a Cambridge :
|b Cambridge University Press
|
| 310 |
|
|
|a Quarterly
|
| 362 |
1 |
|
|a Print began in Jan. 1982.
|
| 506 |
|
|
|a License restrictions may limit access.
|
| 538 |
|
|
|a Mode of access: World Wide Web.
|
| 550 |
|
|
|a Published in association with The National Centre for Languages (CiLT) and the British Council.
|
| 588 |
|
|
|a Description based on: Vol. 35, issue 01 (Jan. 2002); title from contents screen (Cambridge journals, viewed Nov. 13, 2007).
|
| 588 |
|
|
|a Latest issue consulted: Vol. 43, part 3 (Jul. 2010) (ProQuest, viewed Jul. 6, 2011).
|
| 650 |
|
0 |
|a Languages, Modern
|x Study and teaching
|v Abstracts
|v Periodicals.
|
| 650 |
|
0 |
|a Linguistics
|v Abstracts
|v Periodicals.
|
| 650 |
|
7 |
|a Languages, Modern
|x Study and teaching.
|2 fast
|0 (OCoLC)fst00992480
|
| 650 |
|
7 |
|a Linguistics.
|2 fast
|0 (OCoLC)fst00999202
|
| 655 |
|
0 |
|a Electronic journals.
|
| 710 |
2 |
|
|a CILT, the National Centre for Languages.
|
| 710 |
2 |
|
|a British Council.
|
| 776 |
0 |
8 |
|i Print version:
|t Language teaching
|x 0261-4448
|w (DLC) 82645100
|w (OCoLC)8321333
|
| 780 |
0 |
0 |
|t Language teaching & linguistics. Abstracts
|x 2396-8273
|w (OCoLC)795142333
|
| 856 |
4 |
0 |
|z Full text available from Research Library: 01/01/2002 to 1 year ago
|u https://search.proquest.com/publication/47776
|